Statistics for RAF Helicopters

Click here to take the quiz!

General Stats

  • This quiz has been taken 616 times
  • The average score is 4 of 6

Answer Stats

HintAnswer% Correct
AH-64Apache
93%
CH-47Chinook
92%
Agusta WestlandLynx
67%
SH-3Sea King
66%
EH-101Merlin
64%
HC-1Puma
48%

Score Distribution

Percentile by Number Answered

Percent of People with Each Score

Your Score History

You have not taken this quiz